000 00431nam a2200157Ia 4500
008 160316s1986 xxu||||| |||| 00| 0 eng d
082 _a346.066807
_bSTE
100 _aStern Milton H
245 _aInside the family - held business : A practical guide for entrepreneurs and their advisors
250 _a
260 _aNew York
_bLaw & Business Inc.
_c1986
300 _a417p
_b
_c
365 _bGratis
650 _a
700 _a
_a
999 _c5825
_d5825